| 000 | 03075nam a2200289 a 4500 | ||
|---|---|---|---|
| 001 | 000035978 | ||
| 005 | 20240319114520.0 | ||
| 008 | 111121s2003 dr ac 001 0 spa d | ||
| 020 | _a9993495905 | ||
| 040 |
_aDO-SdBNP _bspa _cBNPHU |
||
| 082 |
_a780.9729 _bT355p |
||
| 245 | 0 | 0 |
_aTextos sobre la pasión danzaria de Darío Tejeda / _cDarío Tejeda. |
| 246 | 1 | 3 | _aLa pasión danzaria |
| 260 |
_aSanto Domingo : _bAcademia de Ciencias de la República Dominicana, _c2003. |
||
| 300 |
_a123 p. : _bil., retrs. ; _c23 cm. |
||
| 490 | 1 | _aPublicaciones de la Academia de Ciencias de la República Dominicana | |
| 505 | 0 |
_gUn libro y un premio: _tLa pasión danzaria y la sociología de la música en el merengue / _rMario Bonetti -- _tLa pasión danzaria un año después / _tCarta de la directora de Música de Casa de las Américas, María Elena Vinueza -- _tActa del Jurado del 8º Premio de Musicología Casa de las Américas 2001 -- _gComentarios críticos: _tDe repente quedé cautivado / _rTony Raful -- _tLa pasión danzaria de Darío Tejeda: aportes claves al estudio de la música popular dominicana / _rJosé G. Guerrero / _tUn recorrido por el merengue y la bachata / _rCecilia Casamajor -- _tMerengue y bachata. Los vericuetos de una pasión / _rJosé Rafael Lantigua -- _tEn nombre del merengue / _rRafael García Romero entrevista a Darío Tejeda -- _tLa pasión danzaria / _rPedro Antonio Valdez -- _tDescubriendo La pasión danzaria de Darío Tejeda / _rDanilo de los Santos -- _tCon pasión / _rMercedes Aróstegui -- _tUna pasión viene a pedir su mano / _rJuan Otero Garabís -- _tLa pasión danzaria: una lectura caribeña y multicultural / _rYoe F. Santos -- _tRuta universal de La pasión danzaria / _rAntonio Reyes -- _gReseñas: _tDe viaje por el merengue y la bachata/ _rFrancis Rodríguez -- _tAcademia de Ciencias presenta libro de música, del Listín Diario -- _tLibro revela el origen de la bachata / _rJosé Rafael Sosa -- _tLa pasión danzaria de Darío Tejeda en una historia danzaria / _rLuis González Ruizsánchez -- _tLa pasión danzaria en Nueva York, Revista La voz comunitaria, N.Y, EE.UU. -- _tLa pasión danzaria: música y baile en el Caribe a través del merengue y la bachata, Revista Quisqueya Life, Nueva York, EE.UU. -- _tDarío Tejeda descubre el binomio de baile y música en el Caribe / _rFiruzeh Shokooh Valle -- _gEntrevistas: _tAquí hasta el dolor se baila / _rCésar Pérez -- _tLa ruta de una pasión danzaria / _rRafael García Romero -- _tLa pasión danzaria de Darío Tejeda / _rFreddy Ginebra -- _tUna conversación en la catedral / _rJosé Marmol. |
|
| 590 | _aInventariado, 2018/LP | ||
| 600 | 1 | 0 |
_aTejeda, Darío _92540 |
| 650 | 4 |
_aMúsica popular dominicana _xHistoria _913134 |
|
| 650 | 4 |
_aMúsica bailable caribeña _941531 |
|
| 650 | 4 |
_aMerengue (baile) _zCaribe (Región{Rpara} _962008 |
|
| 650 | 4 |
_aMerengue (música) _zCaribe (Región{Rpara} _916089 |
|
| 650 | 4 |
_aBachata (música) _zCaribe (Región{Rpara} _962009 |
|
| 830 | 0 |
_aPublicaciones de la Academia de Ciencias de la República Dominicana _919512 |
|
| 910 | _aValidado. Control de calidad EMS | ||
| 999 |
_c35469 _d35469 |
||